| 000 | 01310cam a22003617a 4500 | ||
|---|---|---|---|
| 003 | CHAP | ||
| 005 | 20220329142648.0 | ||
| 008 | 020821d2001 mx ab r 00110 spa d | ||
| 010 | _a86137 | ||
| 011 | _a87109 | ||
| 035 | _a97650 | ||
| 040 | _cCHAP | ||
| 090 | _aTesis | ||
| 100 | 0 | 0 |
_aAndraca Palma, Juan Napoleon. _95633 |
| 245 | 1 | 0 |
_aEfecto de la fertilización inorganica sobre el rendimiento de genotipos de melon _c/por Juan Napoleon Andraca Palma |
| 260 |
_aCocula , Gro. : _bEl autor, _c2001. |
||
| 300 |
_a121 h. : _bilus. ; gráfs. ; mapas |
||
| 502 | _aTesis (Ing. Agr. Fitotecnista) -- Colegio Superior Agropecuario del Estado de Guerrero. Centro de Estudios Profesionales | ||
| 590 |
_aALEPH _b10 _c20130110 _lUCH01 _h1448 |
||
| 590 |
_aBATCH-UPD _b10 _c20130110 _lUCH01 _h0809 |
||
| 590 |
_aBATCH-UPD _b10 _c20130410 _lUCH01 _h0446 |
||
| 590 |
_aBATCH-UPD _b10 _c20130914 _lUCH01 _h0327 |
||
| 590 |
_aCONVERSION _b10 _c20130109 _lUCH01 _h1348 |
||
| 650 | 1 | 4 |
_aFertilizantes _xEfecto en melón. _940528 |
| 650 | 1 | 4 |
_aMelón _xCalidad. _974441 |
| 650 | 1 | 4 |
_aMelón _xGuerrero. _974461 |
| 650 | 1 | 4 |
_aMelón _xRendimiento. _974477 |
| 650 | 1 | 4 |
_aMelón _xVariedades. _974482 |
| 901 | _aBK | ||
| 905 | _aMayto Villalobos S. | ||
| 942 | _cTESIS | ||
| 949 |
_aTesis _bBC _cTES _d97650123 _eTS1 _h39727 _i97650 _sb |
||
| 999 |
_c86137 _d86137 |
||